=LDR 00000nam 2200000 4500 =001 INLIS000000000041284 =005 20130612150827 =008 ***********************************ind** =035 ##$$0010-061300000041284 =041 ##$$a ind =082 ##$$a 959.8 =090 ##$$a 959.8, Dij d.1 =100 ##$$a Dijk, C. Van =245 ##$$a Darul Islam Sebuah Pemberontakan, C. Van Diujk =260 ##$$a 1993 $b Jakartya =300 ##$$a xxxv,409 hlm, 21 cm =850 ##$$a NBPNMAT